000 02114nam0a2200373 4500
001 RU\NLR\bibl\1140672
005 20260407142051.0
010 _a978-5-85971-870-2
_93000
021 _aRU
_b2007-59531
_93181
035 _a(NLR Aleph) 001127533
090 _a1337066
_c1337066
100 _a20071016d2008 |||y0rusy50 ca
101 0 _arus
102 _aRU
105 _aa |||||||||
200 1 _aМировая экономика и международный бизнес
_eэкспресс-курс
_eучебник для студентов, обучающихся по специальности "Мировая экономика"
_f[В.В. Поляков, Р.К. Щенин, доктора экон. наук, Ю.Л. Адно, к.т.н. и др.]
_gпод общ. ред. д.э.н., проф. В.В,. Полякова и д.э.н., проф. Р.К. Щенина
_gГос. ун-т упр.
210 _aМосква
_cКнорус
_d2008, [т.е. 2007]
215 _a285 с.
_cил.
_d21
300 _aАвт. указаны на 9-й с.
300 _aКн. фактически изд. в 2007 г.
320 _aБиблиогр.: с. 283-285
606 1 _aМировое хозяйство
_jУчебники для высших учебных заведений
_91186934
_3RU\NLR\auth\66160660
606 1 _aПредпринимательство международное
_jУчебники для высших учебных заведений
_92103724
_3RU\NLR\auth\661272030
686 _aУ03(0)я73
686 _aУ5-13я73
701 1 _4070
_8rus
_7ca
_aПоляков
_bВ. В.
_cд-р экон. наук
_gВалерий Васильевич
_3RU\NLR\auth\7752377
_935310
701 1 _aЩенин
_bР. К.
_gРомил Константинович
_4070
701 1 _aАдно
_bЮ. Л.
_gЮрий Леонидович
_4070
712 0 2 _4570
_aГосударственный университет управления
_cМосква
_3RU\NLR\AUTH\8810011254
_9520215
801 0 _aRU
_bNLR
_c20071016
_gRCR
801 1 _aRU
_bNLR
_c20071016
830 _aавт. по кат.
942 _cBOOK
980 _aNB